| 000 | 00418nam a2200145Ia 4500 | ||
|---|---|---|---|
| 008 | 230917s9999||||xx |||||||||||||| ||und|| | ||
| 040 |
_e6704 _aMAIN |
||
| 041 | _aEnglish | ||
| 082 | _a152 M179P | ||
| 100 | _aMcGuigan, F J | ||
| 245 | 0 | _aPsychophysiological measurement of covert behavior: A guide for the laboratory | |
| 260 |
_aNew Jersey _bLawrance Erlbaum Association _c1979 |
||
| 300 | _ax, 131 p. | ||
| 942 | _cBK | ||
| 999 |
_c37864 _d37864 |
||